00791nam a22001937a 450000500170000000800410001704000120005804100080007004400070007824500430008526001890012830000240031750400500034165000410039165000440043265000390047665000440051565000380055920141222142412.0141217b xxu||||| |||| 00| 0 spa d cCO-BoIH aspa ack aConozcamos el Volcán Cerro Machín  a[Sin lugar de publicación]bComité Regional para la Prevención y Atención de Desastres-CREPAD bFundación Ecológica Las MellizasbCIDEAbGobernación del Quindío c2007 a38 pagbIl.c23 cm. aIncluye referencias bibliográficas (pag 37) 4aSismologíazTolima (Dpt. Colombia) aSedimentaciónzTolima (Dpt. Colombia) aVulcanismozTolima (Dpt. Colombia) 4aPrevención de desastresxEnseñanza  aDesastres naturalesxPrevención